000 00263nam a22000977a 4500
008 240831b |||||||| |||| 00| 0 eng d
020 _a9788129103895
100 _aBond Ruskin
245 _aRuskin Bond The Rupa Book of Scary Stories
260 _aNew Delhi
_bRupa
_c2011
999 _c12628
_d12628